| 000 | 01391nam a2200229Ia 4500 | ||
|---|---|---|---|
| 003 | Ost | ||
| 005 | 20260507075125.0 | ||
| 008 | 260507s9999||||xx |||||||||||||| ||und|| | ||
| 020 | _a9773282341 | ||
| 040 | _cfsecg | ||
| 041 | _aara | ||
| 082 | _a658 | ||
| 100 |
_aمحمد الغزالي، محمد، _eمؤلف |
||
| 245 | 0 |
_aمشكلة الإغراق : _bدراسة مقارنة / _c محمد محمد الغزالي |
|
| 260 |
_aالإسكندرية: _bدار الجامعة الجديدة, _c2006 |
||
| 300 |
_a437 صفحة؛ _bإيضاحات ؛ _c24 سم |
||
| 504 | _aمراجع ص.424 | ||
| 520 | _aمفهوم الإغراق و أسبابه و اهدافه و تاريخه و مقدمات الاغراق و صوره و انواعه و نطاقه و الفرق بين الاغراق و أشباهه كحرق الاسعار و التسعير الضاري و تلقي الركبان و بيع الوضعية كما تم التطرق الى الاثار الاقتصادية و الاجتماعية للاغراق و حكمه في لبشريعة و في النظم الوضعية و تناول المسئولية عن الاغراق كما تم التطرق الى تشريعات مكافحة الاغراق و اتفاقية الجات و مكافحة الاغراق و اجهزة مكافحته . | ||
| 653 | _aالإغراق | ||
| 653 | _aالتسويق | ||
| 942 | _cكتاب | ||
| 999 |
_c43140 _d43140 |
||